<?xml version="1.0" encoding="UTF-8"?><?xml-stylesheet type="text/xsl" href="static/style.xsl"?><OAI-PMH xmlns="http://www.openarchives.org/OAI/2.0/" xmlns:xsi="http://www.w3.org/2001/XMLSchema-instance" xsi:schemaLocation="http://www.openarchives.org/OAI/2.0/ http://www.openarchives.org/OAI/2.0/OAI-PMH.xsd"><responseDate>2026-06-07T07:14:20Z</responseDate><request verb="GetRecord" identifier="oai:riuma.uma.es:10630/45615" metadataPrefix="marc">https://riuma.uma.es/rest/oai/request</request><GetRecord><record><header><identifier>oai:riuma.uma.es:10630/45615</identifier><datestamp>2026-03-06T10:30:02Z</datestamp><setSpec>com_10630_2254</setSpec><setSpec>col_10630_37959</setSpec></header><metadata><record xmlns="http://www.loc.gov/MARC21/slim" xmlns:dcterms="http://purl.org/dc/terms/" xmlns:doc="http://www.lyncode.com/xoai" xmlns:xsi="http://www.w3.org/2001/XMLSchema-instance" xsi:schemaLocation="http://www.loc.gov/MARC21/slim http://www.loc.gov/standards/marcxml/schema/MARC21slim.xsd">
   <leader>00925njm 22002777a 4500</leader>
   <datafield ind2=" " ind1=" " tag="042">
      <subfield code="a">dc</subfield>
   </datafield>
   <datafield ind2=" " ind1=" " tag="720">
      <subfield code="a">Ossowicki, Adam</subfield>
      <subfield code="e">author</subfield>
   </datafield>
   <datafield ind2=" " ind1=" " tag="720">
      <subfield code="a">Urquizu Ruiz, Jose Maria</subfield>
      <subfield code="e">author</subfield>
   </datafield>
   <datafield ind2=" " ind1=" " tag="720">
      <subfield code="a">Carrión Bravo, Víctor José</subfield>
      <subfield code="e">author</subfield>
   </datafield>
   <datafield ind2=" " ind1=" " tag="260">
      <subfield code="c">2025-10-28</subfield>
   </datafield>
   <datafield ind2=" " ind1=" " tag="520">
      <subfield code="a">Agriculture faces increasing pressure from climate change which significantly reduce crop yields. Simultaneously, conventional practices such as intensive use of fertilizers and pesticides escalate the environmental impact of food production. To meet the urgent need for sustainable yet productive agricultural systems, one promising approach is to leverage the natural functions of soil microbial communities. Beneficial microbes can improve plant performance conferring tolerance to (a)biotic stresses. However, exploiting these traits in field conditions remains a challenge due to the complexity and context-dependence of soil microbiomes. Our project addresses this challenge by developing a novel approach referred to as “training” — a strategy that applies selection pressures to steer microbial communities toward plant-beneficial functions. As a proof of concept, we applied microbial training to rhizosphere communities associated with tomato plants under saline conditions. The trained communities significantly enhanced plant tolerance to salt stress, as demonstrated by improved growth compared to untrained controls. These results show that microbiome training can effectively induce compositional and functional shifts in microbial communities, resulting in increased stress resilience in plants. This work highlights the potential of microbial community training as a sustainable strategy to improve crop health and resilience under environmental stress.</subfield>
   </datafield>
   <datafield ind1="8" ind2=" " tag="024">
      <subfield code="a">https://hdl.handle.net/10630/45615</subfield>
   </datafield>
   <datafield tag="653" ind2=" " ind1=" ">
      <subfield code="a">Microbiomas - Congresos</subfield>
   </datafield>
   <datafield tag="653" ind2=" " ind1=" ">
      <subfield code="a">Agricultura sostenible - Congresos</subfield>
   </datafield>
   <datafield ind2="0" ind1="0" tag="245">
      <subfield code="a">Training soil microbiomes for sustainable agriculture</subfield>
   </datafield>
</record>
</metadata></record></GetRecord></OAI-PMH>